Политическое лидерство. Теории элит учебное пособие для бакалавров всех направлений университета
В учебном пособии рассмотрены сущность феномена политического лидерства и политических элит, определяются их функции и значение в политической власти, а также современные концепции лидерства и основные направления современной элитарной теории. В пособии все основные выводы кратко вынесены в Приложен...
Salvato in:
| Autore principale: | |
|---|---|
| Natura: | Книга |
| Lingua: | Russian |
| Pubblicazione: |
Москва
РУТ (МИИТ)
2019
|
| Accesso online: | https://e.lanbook.com/book/175607 https://e.lanbook.com/img/cover/book/175607.jpg |
| Tags: |
Aggiungi Tag
Nessun Tag, puoi essere il primo ad aggiungerne! !
|
| LEADER | 02133nam0a2200241 i 4500 | ||
|---|---|---|---|
| 001 | 175607 | ||
| 003 | RuSpLAN | ||
| 005 | 20221220174129.0 | ||
| 008 | 221220s2019 ru gs 000 0 rus | ||
| 040 | |a RuSpLAN | ||
| 041 | 0 | |a rus | |
| 044 | |a ru | ||
| 080 | |a 32 | ||
| 245 | 0 | 0 | |a Политическое лидерство. Теории элит |b учебное пособие для бакалавров всех направлений университета |c Троненкова О. М. |
| 260 | |a Москва |b РУТ (МИИТ) |c 2019 | ||
| 300 | |a 65 с. | ||
| 504 | |a Библиогр.: доступна в карточке книги, на сайте ЭБС Лань | ||
| 520 | 8 | |a В учебном пособии рассмотрены сущность феномена политического лидерства и политических элит, определяются их функции и значение в политической власти, а также современные концепции лидерства и основные направления современной элитарной теории. В пособии все основные выводы кратко вынесены в Приложении, что позволяет оперативно усвоить проблематику, и дает возможность легко овладеть определенным минимумом политических знаний для формирования более широкого кругозора и уровня политической культуры. Рекомендуется студентам, аспирантам, преподавателям, всем кто интересуется проблемами политологии | |
| 521 | 8 | |a Книга из коллекции РУТ (МИИТ) - Социально-гуманитарные науки | |
| 100 | 1 | |a Троненкова О. М. | |
| 856 | 4 | |u https://e.lanbook.com/book/175607 | |
| 856 | 4 | 8 | |u https://e.lanbook.com/img/cover/book/175607.jpg |
| 953 | |a https://e.lanbook.com/img/cover/book/175607.jpg | ||